000 00317 a2200121 4500
000 nam a22 7a 4500
005 20260206095517.0
020 _a9789348650207
100 _aEd. Devshankar Naveen
_91114020
245 _a75 Kavitayen : Rajkamal Chaudhary
260 _bNayee Kitab Prakashan
_c2025
942 _cTEXL
999 _c1678730
_d1678730